[Event "11. Abierto de la Constitucion"]
[Site "S.S. de los Reyes ESP"]
[Date "2009.12.08"]
[Round "9.3"]
[White "Taboas Rodriguez, Daniel"]
[Black "Suarez Uriel, Adrian"]
[Result "1-0"]
[WhiteElo "2359"]
[BlackElo "2119"]
[PlyCount "79"]
[EventDate "2009.11.30"]
[EventType "swiss"]
[EventRounds "9"]
[EventCountry "ESP"]
[Source "lmi"]
[SourceDate "2009.11.30"]

1. d4 Nf6 2. Nf3 g6 3. c4 Bg7 4. Nc3 d5 5. cxd5 Nxd5 6. e4 Nxc3 7. bxc3 c5 8.
Be3 O-O 9. Be2 Qa5 10. O-O Nc6 11. Rc1 e6 12. Qb3 b6 13. dxc5 bxc5 14. Qb5 Bd7
15. Rfd1 Qc7 16. Qxc5 Rfd8 17. Bg5 Bf8 18. Bxd8 Rxd8 19. Qc4 Qa5 20. Rxd7 Rxd7
21. Qxc6 Rc7 22. Qa6 Qc5 23. c4 Qb4 24. Rf1 Rb7 25. Qc6 Rb6 26. Qd7 Qb2 27.
Qxa7 Rb7 28. Qe3 Qxa2 29. c5 Rb3 30. Bc4 Rxe3 31. Bxa2 Re2 32. Bc4 Rxe4 33. Bd3
Ra4 34. Rc1 Ra3 35. Bf1 Ra7 36. c6 Rc7 37. Nd4 Bg7 38. Nb5 Rc8 39. Nd6 Rc7 40.
Ne8 1-0

[Event "11. Abierto de la Constitucion"]
[Site "S.S. de los Reyes ESP"]
[Date "2009.12.08"]
[Round "9.4"]
[White "Candela Perez, Jose"]
[Black "Muñoz Muñoz, Pablo"]
[Result "1-0"]
[WhiteElo "2416"]
[BlackElo "2027"]
[PlyCount "87"]
[EventDate "2009.11.30"]
[EventType "swiss"]
[EventRounds "9"]
[EventCountry "ESP"]
[Source "lmi"]
[SourceDate "2009.11.30"]

1. d4 Nf6 2. c4 e6 3. Nc3 Bb4 4. Nf3 b6 5. Bg5 h6 6. Bh4 g5 7. Bg3 Ne4 8. Qd3
Bb7 9. Nd2 Bxc3 10. bxc3 Nxg3 11. Qxg3 f5 12. h4 Rg8 13. hxg5 hxg5 14. e4 Na6
15. Rh7 Qf6 16. c5 f4 17. Qf3 g4 18. Qd1 Qg6 19. Rh1 Nb8 20. cxb6 axb6 21. Bd3
Nc6 22. Qc2 Ba6 23. Nc4 e5 24. Nxe5 Nxe5 25. dxe5 Bxd3 26. Qxd3 Ra5 27. Rd1 Qf7
28. Qd4 Rc5 29. Rh6 f3 30. e6 Qe7 31. exd7+ Kd8 32. Rh8 Rf8 33. gxf3 gxf3 34.
Rxf8+ Qxf8 35. Rd3 Rh5 36. Kd2 Rh1 37. Qe3 Qg8 38. Rd5 Ra1 39. Qxf3 Rxa2+ 40.
Kd3 Qh8 41. Qg3 Qxc3+ 42. Kxc3 Ra3+ 43. Kb2 Rxg3 44. fxg3 1-0

[Event "11. Abierto de la Constitucion"]
[Site "S.S. de los Reyes ESP"]
[Date "2009.12.08"]
[Round "9.5"]
[White "Gemy Vargas, Jose Daniel"]
[Black "Ortega Ruiz, Jose Miguel"]
[Result "1-0"]
[WhiteElo "2187"]
[BlackElo "2326"]
[PlyCount "75"]
[EventDate "2009.11.30"]
[EventType "swiss"]
[EventRounds "9"]
[EventCountry "ESP"]
[Source "lmi"]
[SourceDate "2009.11.30"]

1. d4 d5 2. Nf3 Nf6 3. g3 c5 4. Bg2 Nc6 5. O-O e6 6. b3 Be7 7. Bb2 b6 8. Nbd2
Bb7 9. c4 O-O 10. Rc1 Rc8 11. cxd5 exd5 12. dxc5 Bxc5 13. Ne1 Ba6 14. Ndf3 Qe7
15. Nd3 Rfd8 16. Bxf6 gxf6 17. Nxc5 bxc5 18. Re1 Ne5 19. Nh4 d4 20. Qd2 Qe6 21.
Be4 Ng6 22. Bf5 Qd5 23. Nxg6 hxg6 24. Bxc8 Rxc8 25. e4 Qh5 26. b4 Kg7 27. bxc5
Rh8 28. f4 d3 29. e5 fxe5 30. Rxe5 Qf3 31. c6 Rc8 32. Rcc5 Qg4 33. Re7 Rb8 34.
Qc3+ Kh6 35. Rce5 Qf3 36. Re1 Bc4 37. Re8 f6 38. R8e3 1-0

[Event "11. Abierto de la Constitucion"]
[Site "S.S. de los Reyes ESP"]
[Date "2009.12.08"]
[Round "9.6"]
[White "Elissalt Cardenas, Hector"]
[Black "Castejon Caballero, Natalia"]
[Result "1-0"]
[WhiteElo "2358"]
[BlackElo "2102"]
[PlyCount "93"]
[EventDate "2009.11.30"]
[EventType "swiss"]
[EventRounds "9"]
[EventCountry "ESP"]
[Source "lmi"]
[SourceDate "2009.11.30"]

1. d4 d5 2. c4 c6 3. Nf3 Nf6 4. Nbd2 Bf5 5. g3 e6 6. Bg2 Bd6 7. b3 Nbd7 8. Bb2
O-O 9. O-O a5 10. Nh4 Bg6 11. Nxg6 hxg6 12. Qc2 e5 13. e3 Qe7 14. cxd5 Nxd5 15.
Nc4 Nb4 16. Qd2 Bc7 17. a3 Nd5 18. Bxd5 cxd5 19. Nxe5 Nxe5 20. dxe5 Bxe5 21.
Bxe5 Qxe5 22. Rfd1 Rfd8 23. Rac1 a4 24. b4 Rac8 25. Rxc8 Rxc8 26. Qxd5 Qb2 27.
Qxb7 Rc1 28. Qa8+ Kh7 29. Qxa4 Rxd1+ 30. Qxd1 Qxa3 31. Qb1 Qa6 32. b5 Qb6 33.
h4 Kh6 34. Qb4 g5 35. hxg5+ Kxg5 36. Qd4 Qb7 37. Qxg7+ Kf5 38. g4+ Ke4 39. Qd4+
Kf3 40. Qc4 Qa7 41. Qd4 Qa2 42. Qd1+ Ke4 43. Kg2 Ke5 44. Qd4+ Ke6 45. Qe4+ Kd6
46. Qc6+ Ke7 47. b6 1-0

[Event "11. Abierto de la Constitucion"]
[Site "S.S. de los Reyes ESP"]
[Date "2009.12.08"]
[Round "9.7"]
[White "Quevedo Marin, Manuel"]
[Black "De La Orden Alcocer, Alejandro"]
[Result "1-0"]
[WhiteElo "2171"]
[BlackElo "1780"]
[PlyCount "148"]
[EventDate "2009.11.30"]
[EventType "swiss"]
[EventRounds "9"]
[EventCountry "ESP"]
[Source "lmi"]
[SourceDate "2009.11.30"]

1. d4 d5 2. c4 Bf5 3. cxd5 Bxb1 4. Qa4+ c6 5. Rxb1 Qxd5 6. Nf3 b5 7. Qc2 Qxa2
8. e4 e6 9. Bd2 Qa6 10. Bd3 Bd6 11. O-O Ne7 12. Rfc1 Nd7 13. e5 Bc7 14. Bg5 Nd5
15. Be4 Bd8 16. Bxd8 Rxd8 17. Ra1 Qb7 18. Qxc6 Qxc6 19. Rxc6 N7b6 20. Rxa7 O-O
21. g3 h6 22. Rb7 Rb8 23. Rxb8 Rxb8 24. Ne1 Rd8 25. Rc5 b4 26. Rb5 Rc8 27. Rc5
Ra8 28. Nd3 Ra1+ 29. Rc1 Ra2 30. Rc6 Ra1+ 31. Kg2 Rd1 32. Kf3 Rd2 33. Nxb4 Rxb2
34. Nxd5 exd5 35. Bf5 g6 36. e6 fxe6 37. Bxg6 Kg7 38. Rxe6 Rb4 39. Bf5 Na4 40.
Ke3 Rb3+ 41. Kf4 Rb4 42. Ke5 Nc3 43. Rg6+ Kf8 44. Rxh6 Ne2 45. Rh4 Ke7 46. Bd3
Ng1 47. Rh7+ Kf8 48. Kxd5 Nf3 49. Bc4 Kg8 50. Rc7 Nd2 51. Bd3 Nf3 52. Rc4 Rb2
53. Rc2 Rb4 54. Bc4 Kg7 55. h4 Ra4 56. Ra2 Rb4 57. Kc5 Rb8 58. Ra7+ Kg6 59.
Ra6+ Kg7 60. d5 Ne5 61. Bb5 Ng4 62. f3 Ne5 63. f4 Rc8+ 64. Bc6 Nd3+ 65. Kc4 Nf2
66. Ra8 Rc7 67. Re8 Kf7 68. Re3 Ng4 69. Rb3 Kf6 70. Kc5 Nf2 71. Re3 Ng4 72. Re2
Ra7 73. d6 Ra3 74. Re8 Nf2 1-0

[Event "11. Abierto de la Constitucion"]
[Site "S.S. de los Reyes ESP"]
[Date "2009.12.08"]
[Round "9.8"]
[White "Mansilla Tolosa, Luis E"]
[Black "Semprun Martinez, Fernando"]
[Result "1-0"]
[WhiteElo "2099"]
[BlackElo "2170"]
[PlyCount "75"]
[EventDate "2009.11.30"]
[EventType "swiss"]
[EventRounds "9"]
[EventCountry "ESP"]
[Source "lmi"]
[SourceDate "2009.11.30"]

1. c4 c5 2. Nc3 Nc6 3. g3 g6 4. Bg2 Bg7 5. d3 d6 6. e4 e5 7. Nge2 Nge7 8. O-O
O-O 9. a3 Rb8 10. f4 f5 11. Kh1 Be6 12. Nd5 b5 13. Rb1 a5 14. fxe5 Bxe5 15.
Nec3 bxc4 16. Bh6 Rf7 17. dxc4 Qd7 18. Nb5 Nd4 19. a4 fxe4 20. Rxf7 Bxf7 21.
Nxd4 Bxd4 22. Qxd4 cxd4 23. Nf6+ Kh8 24. Nxd7 Rd8 25. Nf6 e3 26. b3 Nf5 27. Bf4
h6 28. Be4 Kg7 29. Nd5 Bxd5 30. cxd5 Re8 31. Bxf5 gxf5 32. Kg2 Kf6 33. Bxd6 Rd8
34. Bf4 Rxd5 35. Bxh6 Ke5 36. Kf3 Rc5 37. Bg7+ Kd5 38. Rd1 1-0

[Event "11. Abierto de la Constitucion"]
[Site "S.S. de los Reyes ESP"]
[Date "2009.12.08"]
[Round "9.9"]
[White "Barez Menendez, Hector"]
[Black "Lopez De Turiso Sanchez, Jose A"]
[Result "0-1"]
[WhiteElo "2144"]
[BlackElo "2094"]
[PlyCount "109"]
[EventDate "2009.11.30"]
[EventType "swiss"]
[EventRounds "9"]
[EventCountry "ESP"]
[Source "lmi"]
[SourceDate "2009.11.30"]

1. d4 d5 2. Bg5 c6 3. e3 Nd7 4. c4 dxc4 5. Nf3 Ngf6 6. Bxc4 e6 7. O-O Be7 8.
Nc3 h6 9. Bh4 O-O 10. Qc2 Nd5 11. Bxe7 Qxe7 12. Ne4 N5b6 13. Bd3 e5 14. Ng3
exd4 15. exd4 Nf6 16. Rfe1 Qc7 17. Rac1 Be6 18. a3 Rad8 19. Qd2 Rd5 20. Bb1
Rdd8 21. Qd3 Nbd5 22. Ne5 Rfe8 23. Qf3 Nb6 24. Qf4 Nbd7 25. b4 a6 26. h3 Nf8
27. Red1 Qb6 28. Nc4 Bxc4 29. Rxc4 Ne6 30. Qh4 Qb5 31. Ba2 Qg5 32. Qxg5 Nxg5
33. Kf1 Ne6 34. Nf5 Nf4 35. Bb1 Re6 36. Ne3 g6 37. h4 Kg7 38. g3 N4d5 39. Nc2
Ne4 40. Ne1 Nxg3+ 41. Kg2 Ne4 42. Nd3 Nec3 43. Rc1 Nxb1 44. Rxb1 Re2 45. Nc5
Ra2 46. Rb3 Rb8 47. Kf3 f5 48. Rc1 g5 49. hxg5 hxg5 50. Re1 g4+ 51. Kg3 Kg6 52.
Re6+ Kg5 53. Re5 Rh8 54. Kg2 Nf4+ 55. Kf1 0-1

[Event "11. Abierto de la Constitucion"]
[Site "S.S. de los Reyes ESP"]
[Date "2009.12.08"]
[Round "9.10"]
[White "Alvarez Gonzalez, Eduardo"]
[Black "Berzal Llorente, Jorge"]
[Result "1-0"]
[WhiteElo "1868"]
[BlackElo "2122"]
[PlyCount "83"]
[EventDate "2009.11.30"]
[EventType "swiss"]
[EventRounds "9"]
[EventCountry "ESP"]
[Source "lmi"]
[SourceDate "2009.11.30"]

1. d4 d5 2. c4 e6 3. Nc3 Nf6 4. Bg5 Be7 5. e3 O-O 6. Nf3 Ne4 7. Bxe7 Qxe7 8.
Qc2 Nxc3 9. Qxc3 dxc4 10. Bxc4 c5 11. dxc5 Qxc5 12. Rc1 b6 13. Be2 Qxc3+ 14.
Rxc3 Ba6 15. Nd4 Bxe2 16. Kxe2 Na6 17. a3 g6 18. Rhc1 Rfd8 19. b4 Rd7 20. Nb5
Rad8 21. Rc8 Rxc8 22. Rxc8+ Kg7 23. Ra8 Rd5 24. Nxa7 Nc7 25. Rc8 Rd7 26. Nc6
Nb5 27. Ne5 Ra7 28. Nc4 Nc3+ 29. Kf3 b5 30. Na5 Nb1 31. Rc5 Nxa3 32. Rc3 Nc4
33. Nxc4 Rc7 34. Ke4 bxc4 35. Rc2 f5+ 36. Kd4 Kf6 37. Kc3 e5 38. b5 Ke6 39. Kb4
Kd6 40. Rc3 Kd5 41. b6 Rc5 42. b7 1-0

[Event "11. Abierto de la Constitucion"]
[Site "S.S. de los Reyes ESP"]
[Date "2009.12.08"]
[Round "9.11"]
[White "Esquivias Gomez, Fco. Javier"]
[Black "Rial Rodriguez, Javier"]
[Result "1-0"]
[WhiteElo "2004"]
[BlackElo "1786"]
[PlyCount "51"]
[EventDate "2009.11.30"]
[EventType "swiss"]
[EventRounds "9"]
[EventCountry "ESP"]
[Source "lmi"]
[SourceDate "2009.11.30"]

1. c4 Nf6 2. Nc3 g6 3. e4 d6 4. d4 Bg7 5. Be2 O-O 6. Bg5 a6 7. Qd2 Nc6 8. d5
Na7 9. a4 Re8 10. Nf3 e6 11. O-O exd5 12. exd5 Bf5 13. Nd4 Qc8 14. Nxf5 Qxf5
15. Bd3 Qd7 16. h3 Nc8 17. Qf4 Nh5 18. Qf3 h6 19. g4 hxg5 20. gxh5 gxh5 21.
Qxh5 Re5 22. Rfe1 Ne7 23. Rxe5 dxe5 24. Ne4 f6 25. Nc5 Qe8 26. Bh7+ 1-0

[Event "11. Abierto de la Constitucion"]
[Site "S.S. de los Reyes ESP"]
[Date "2009.12.08"]
[Round "9.14"]
[White "Camarero Izquierdo, Juan Carlos"]
[Black "Rollano Carcajona, Ruben"]
[Result "1-0"]
[WhiteElo "1930"]
[BlackElo "1718"]
[PlyCount "49"]
[EventDate "2009.11.30"]
[EventType "swiss"]
[EventRounds "9"]
[EventCountry "ESP"]
[Source "lmi"]
[SourceDate "2009.11.30"]

1. e4 c6 2. d4 d5 3. e5 Bf5 4. g4 Bd7 5. Nc3 e6 6. Be3 Qb6 7. Qd2 c5 8. dxc5
Bxc5 9. Bxc5 Qxc5 10. O-O-O Ne7 11. f4 Bc6 12. Ne4 Qb6 13. Nd6+ Kf8 14. Bg2 Na6
15. Nf3 Nc8 16. f5 Nxd6 17. exd6 Qb4 18. fxe6 Qxd2+ 19. Rxd2 fxe6 20. Ng5 Bd7
21. Rf1+ Ke8 22. Rf7 Rf8 23. Rxg7 Bb5 24. Nxe6 Rh8 25. Bxd5 1-0

[Event "11. Abierto de la Constitucion"]
[Site "S.S. de los Reyes ESP"]
[Date "2009.12.08"]
[Round "9.15"]
[White "Fernandez Gil, Ruben Carlos"]
[Black "Pareja Alvarez, Diego"]
[Result "0-1"]
[WhiteElo "1662"]
[BlackElo "1918"]
[PlyCount "58"]
[EventDate "2009.11.30"]
[EventType "swiss"]
[EventRounds "9"]
[EventCountry "ESP"]
[Source "lmi"]
[SourceDate "2009.11.30"]

1. d4 Nf6 2. c4 g6 3. g3 Bg7 4. Bg2 O-O 5. Nf3 d6 6. Nc3 Nbd7 7. e4 e5 8. d5
Nc5 9. Qc2 a5 10. Be3 Na6 11. a3 Ng4 12. Bd2 f5 13. h3 Nf6 14. O-O Nc5 15. Nh4
Ncxe4 16. Nxe4 Nxe4 17. Bxe4 fxe4 18. Qxe4 Bxh3 19. Rfc1 Qf6 20. Be3 g5 21. Ng2
Bf5 22. Qf3 b6 23. Qh5 h6 24. f4 exf4 25. gxf4 gxf4 26. Bxf4 Be4 27. Rf1 Bxg2
28. Kxg2 Qxb2+ 29. Kh1 Rxf4 0-1

[Event "11. Abierto de la Constitucion"]
[Site "S.S. de los Reyes ESP"]
[Date "2009.12.08"]
[Round "9.16"]
[White "Montero Garcia, Fco Javier"]
[Black "Jimenez Vera, Ruben"]
[Result "1/2-1/2"]
[WhiteElo "1909"]
[BlackElo "1554"]
[PlyCount "117"]
[EventDate "2009.11.30"]
[EventType "swiss"]
[EventRounds "9"]
[EventCountry "ESP"]
[Source "lmi"]
[SourceDate "2009.11.30"]

1. e4 c5 2. Nf3 Nc6 3. d4 cxd4 4. Nxd4 d6 5. c4 Nf6 6. Nc3 g6 7. Be2 Bg7 8. Be3
O-O 9. O-O Re8 10. f3 e5 11. Ndb5 Bf8 12. Bg5 Be7 13. Bxf6 Bxf6 14. Nd5 Rb8 15.
Nxf6+ Qxf6 16. Qxd6 Qxd6 17. Nxd6 Rd8 18. c5 Be6 19. Bc4 Bxc4 20. Nxc4 Nd4 21.
Nxe5 Ne2+ 22. Kf2 Rd2 23. Nc4 Rc2 24. Ke3 Rxc4 25. Kxe2 Rc2+ 26. Ke3 Rxb2 27.
Rf2 Rb5 28. Rc1 Rc8 29. Kd4 Kf8 30. Rc4 Rc6 31. Rfc2 Rb1 32. R4c3 Ke7 33. Rb3
Rd1+ 34. Kc4 Rc7 35. Rd3 Rh1 36. h3 b6 37. Kb5 Rb1+ 38. Rb3 Rxb3+ 39. axb3 bxc5
40. Rxc5 Rb7+ 41. Kc4 f6 42. b4 Kd6 43. b5 Rb6 44. f4 a6 45. e5+ fxe5 46. fxe5+
Kd7 47. bxa6 Rxa6 48. Kd5 Ra2 49. e6+ Kd8 50. Kd6 Rd2+ 51. Rd5 Rxg2 52. Ke5+
Ke8 53. Rd7 Re2+ 54. Kf6 Rf2+ 55. Kg5 Rf5+ 56. Kg4 h5+ 57. Kh4 Re5 58. Rg7 Rxe6
59. Kg5 1/2-1/2

[Event "11. Abierto de la Constitucion"]
[Site "S.S. de los Reyes ESP"]
[Date "2009.12.08"]
[Round "9.17"]
[White "Minguela Muñoz, Bienvenido"]
[Black "Garcia Lopez, Fernando"]
[Result "1-0"]
[WhiteElo "1904"]
[BlackElo "1658"]
[PlyCount "97"]
[EventDate "2009.11.30"]
[EventType "swiss"]
[EventRounds "9"]
[EventCountry "ESP"]
[Source "lmi"]
[SourceDate "2009.11.30"]

1. Nf3 Nf6 2. d4 e6 3. c4 d5 4. Bg5 Be7 5. e3 c6 6. Nc3 Nbd7 7. Rc1 O-O 8. cxd5
exd5 9. Bd3 Re8 10. O-O Nf8 11. Bxf6 Bxf6 12. b4 a6 13. a4 b5 14. a5 Bg4 15. h3
Bh5 16. Be2 Bg6 17. Na2 Rc8 18. Rc3 Rc7 19. Nh2 Qe7 20. Ng4 Ne6 21. Nxf6+ Qxf6
22. Bf3 Qe7 23. Qc1 Rec8 24. Bg4 f5 25. Be2 Ng5 26. Bd3 Nf7 27. Qc2 Nd6 28. Rc1
Ne4 29. Bxe4 fxe4 30. Rc5 Bf7 31. Nc3 g5 32. Ne2 h5 33. Ng3 Qd7 34. Qe2 h4 35.
Nf1 Bg6 36. Nh2 Kg7 37. R1c3 Kh6 38. Ng4+ Kg7 39. Ne5 Qf5 40. Nxc6 Qf6 41. Ne5
Rxc5 42. Rxc5 Rd8 43. Rc6 Rd6 44. Rc7+ Kg8 45. Qc2 Bf5 46. Rf7 Qe6 47. Qc7 Kh8
48. Qb8+ Qc8 49. Qxd6 1-0

[Event "11. Abierto de la Constitucion"]
[Site "S.S. de los Reyes ESP"]
[Date "2009.12.08"]
[Round "9.19"]
[White "Cavalle Pulla, Daniel"]
[Black "Serrano Nuñez, Dario"]
[Result "1-0"]
[WhiteElo "1812"]
[BlackElo "1977"]
[PlyCount "97"]
[EventDate "2009.11.30"]
[EventType "swiss"]
[EventRounds "9"]
[EventCountry "ESP"]
[Source "lmi"]
[SourceDate "2009.11.30"]

1. e4 e5 2. Nf3 Nc6 3. Bc4 Be7 4. d4 d6 5. d5 Nb8 6. Bd3 Bg4 7. c4 Nf6 8. Nbd2
O-O 9. Nf1 c6 10. Ng3 Nh5 11. Be2 Nf4 12. O-O cxd5 13. cxd5 Nd7 14. Nd4 Bxe2
15. Ndxe2 Nxe2+ 16. Qxe2 g6 17. Bh6 Re8 18. Qf3 Rc8 19. Rac1 Rxc1 20. Rxc1 Bf8
21. Be3 Nb6 22. Qg4 Kh8 23. h4 Qb8 24. Bxb6 axb6 25. Ne2 Rd8 26. g3 Bh6 27. Rc2
Kg7 28. a3 b5 29. Kg2 Kh8 30. Qf3 Rd7 31. Qb3 Rc7 32. Rxc7 Qxc7 33. Nc3 Bd2 34.
Qxb5 Bxc3 35. bxc3 Qxc3 36. Qxb7 Kg7 37. Qb4 Qd3 38. a4 f5 39. Qxd6 Qxe4+ 40.
Kh2 f4 41. Qe7+ Kg8 42. Qe6+ Kg7 43. Qd7+ Kg8 44. gxf4 Qxf4+ 45. Kg1 Qxh4 46.
Qe8+ Kg7 47. Qxe5+ Kh6 48. Qh2 Qxh2+ 49. Kxh2 1-0

[Event "11. Abierto de la Constitucion"]
[Site "S.S. de los Reyes ESP"]
[Date "2009.12.08"]
[Round "9.20"]
[White "Orellana Illescas, Julio"]
[Black "Perez Cameselle, Francisco"]
[Result "0-1"]
[WhiteElo "1816"]
[BlackElo "1930"]
[PlyCount "54"]
[EventDate "2009.11.30"]
[EventType "swiss"]
[EventRounds "9"]
[EventCountry "ESP"]
[Source "lmi"]
[SourceDate "2009.11.30"]

1. e4 e5 2. Nf3 Nc6 3. Bb5 a6 4. Bxc6 dxc6 5. d4 exd4 6. Qxd4 Qxd4 7. Nxd4 Nf6
8. f3 Bc5 9. Be3 O-O 10. Nc3 Re8 11. Kf2 Bd7 12. Nce2 Rad8 13. Rad1 Bc8 14. Rd2
Nd7 15. Rhd1 Ne5 16. b3 Bf8 17. c3 c5 18. Nc2 Rxd2 19. Rxd2 c4 20. Ne1 cxb3 21.
axb3 f5 22. Ng3 fxe4 23. Nxe4 Be6 24. Nc5 Bxc5 25. Bxc5 Bxb3 26. f4 Ng4+ 27.
Kg3 Nf6 0-1

[Event "11. Abierto de la Constitucion"]
[Site "S.S. de los Reyes ESP"]
[Date "2009.12.08"]
[Round "9.21"]
[White "Martinez Miura, Enrique"]
[Black "Lopez Galindo, Pablo"]
[Result "0-1"]
[WhiteElo "1747"]
[BlackElo "1623"]
[PlyCount "52"]
[EventDate "2009.11.30"]
[EventType "swiss"]
[EventRounds "9"]
[EventCountry "ESP"]
[Source "lmi"]
[SourceDate "2009.11.30"]

1. e4 c5 2. c4 d6 3. Nc3 Nc6 4. g3 g6 5. Bg2 Bg7 6. Nge2 e6 7. O-O Nge7 8. d3
O-O 9. Rb1 Rb8 10. Be3 Nd4 11. Qd2 Nec6 12. Nb5 Nxb5 13. cxb5 Nd4 14. Nxd4 cxd4
15. Bh6 Bxh6 16. Qxh6 Qa5 17. f4 Qxb5 18. f5 exf5 19. exf5 Bxf5 20. Be4 Bxe4
21. dxe4 Qd3 22. Rbe1 Rbe8 23. Rf5 Rxe4 24. Rxe4 Qxe4 25. Rf4 Qe3+ 26. Kg2 d3
0-1